| 000 | 01700nam a2200421Ii 4500 | ||
|---|---|---|---|
| 001 | DIGEDUNAV0297 | ||
| 003 | NyNyDIG0 | ||
| 006 | m o d | ||
| 007 | cr ||||||||||| | ||
| 008 | 220225s2017 sp ob 000 0 spa d | ||
| 035 | _a(OCoLC)1319852461 | ||
| 040 |
_aDGITA _beng _erda _epn _cDGITA |
||
| 020 | _z9788431332273 | ||
| 050 | 1 | 4 | _aHF5381 ebook |
| 100 | 1 |
_aBaguer Alcalá, Ángel, _eauthor. |
|
| 245 | 1 | 0 |
_aDe la universidad al primer empleo : _béxito o fracaso : de ti depende / _cÁngel Baguer Alcalá, Laura Ilzarbe Izquierdo. |
| 264 | 1 |
_aPamplona : _bEUNSA, Ediciones Universidad de Navarra, _c[2017] |
|
| 300 | _a1 online resource. | ||
| 336 |
_atext _2rdacontent |
||
| 337 |
_acomputer _bc _2rdamedia |
||
| 338 |
_aonline resource _bcr _2rdacarrier |
||
| 347 |
_atext file _2rdaft |
||
| 347 | _bPDF | ||
| 490 | 1 | _aAstrolabio. Serie Educación | |
| 504 | _aIncludes bibliographical references. | ||
| 588 | 0 | _aOnline resource; title from PDF title page (Digitalia, viewed February 25, 2022) | |
| 650 | 0 | _aVocational guidance. | |
| 650 | 0 | _aCareer development. | |
| 655 | 0 | _aElectronic books. | |
| 700 | 1 |
_aIlzarbe Izquierdo, Laura, _eauthor. |
|
| 776 | 0 | 8 |
_iPrint version: _aBaguer Alcalá, Ángel. _tDe la universidad al primer empleo. _bPrimera edición. _dPamplona : EUNSA, Ediciones Universidad de Navarra, [2017] _z9788431332273 |
| 791 | 2 |
_aDigitalia (Firm), _edistributor. |
|
| 793 | 0 |
_gDigitalia eBook Collection: _aEdiciones Universidad de Navarra |
|
| 830 | 0 | _aEducación (Ediciones Universidad de Navarra, S.A.) | |
| 856 | 4 | 0 |
_3Digitalia Hispánica _uhttps://www.digitaliapublishing.com/a/51718/ |
| 910 | _aPremium Collection: 2022 | ||
| 942 | _cRAA | ||
| 999 |
_c252839 _d252839 |
||